Kritériá pre klasifikáciu regiónov Slovenska

Príprava Slovenska na vstup do Európskej únie. Systemizácia regiónov. Varianty klasifikácie regiónov. Sústava kritérií pre hodnotenie Slovenska pri vstupe do EÚ.

Gespeichert in:
Bibliographische Detailangaben
1. Verfasser: Fitz, Miron
Format: Buchkapitel
Sprache:Slowakisch
Schlagworte:
Tags: Tag hinzufügen
Keine Tags, Fügen Sie das erste Tag hinzu!

MARC

LEADER 00000naa a2200000 4500
001 r026344
005 20230922110356.4
041 0 |a slo 
044 |a CZ 
245 1 0 |a Kritériá pre klasifikáciu regiónov Slovenska  |c Miron Fitz 
520 |a Príprava Slovenska na vstup do Európskej únie. Systemizácia regiónov. Varianty klasifikácie regiónov. Sústava kritérií pre hodnotenie Slovenska pri vstupe do EÚ. 
610 2 0 |a regióny 
610 2 0 |a Európska únia 
610 2 0 |a politika regionálna 
610 2 0 |a poľnohospodárstvo 
610 2 0 |a fondy štruktúrne 
610 2 0 |a Slovensko 
610 2 0 |a okresy 
100 1 |a Fitz, Miron